Countries with "Two Parts" - Statistics

General Stats
  • This quiz has been taken 25 times
  • The average score is 8 of 18
Answer Stats
Continent Country % Correct
Asia Malaysia
67%
Australia and Oceania New Zealand
67%
Eurasia Russia
67%
North America Saint Kitts and Nevis
67%
North America Trinidad and Tobago
67%
North America Antigua and Barbuda
63%
Europe Denmark
63%
North America Saint Vincent and the Grenadines
63%
Eurasia Turkey
63%
Europe United Kingdom
63%
Australia and Oceania Australia
50%
South America Argentina
33%
Asia Azerbaijan
29%
Asia Oman
25%
Asia Brunei
21%
Asia State of Palestine
21%
Africa Morocco
13%
Asia Cyprus
8%
No matching quizzes found
Score Distribution
Percent of People with Each Score
Percentile by Number Answered
Your Score History
You have not taken this quiz